[Event "Goch op 26th"]
[Site "Goch"]
[Date "2015.09.06"]
[Round "6"]
[White "Van Foreest, Machteld"]
[Black "Gugenberger, Uwe"]
[Result "0-1"]
[WhiteElo "1516"]
[BlackElo "1942"]
[PlyCount "112"]
[EventDate "2015.09.03"]
[EventType "swiss"]
[EventRounds "7"]
[EventCountry "GER"]
[SourceTitle "EXT 2018"]
[Source "ChessBase"]
[SourceDate "2017.10.13"]
[SourceVersion "1"]
[SourceVersionDate "2017.10.13"]
[SourceQuality "1"]

1. e4 d6 2. d4 Nf6 3. Nc3 g6 4. Be3 Bg7 5. Bc4 0-0 6. f3 c6 7. Bb3 b5 8. a3 a6 9. Qd2 e5 10. Nge2 Qe7 11. g4 Bxg4 12. fxg4 Nxg4 13. d5 Qh4+ 14. Ng3 Nxe3 15. Qxe3 c5 16. Qf2 Nd7 17. 0-0-0 f5 18. Qg2 f4 19. Nf1 b4 20. axb4 cxb4 21. Nb1 f3 22. Qg3 Qxe4 23. Nbd2 Qf4 24. Qxf4 Rxf4 25. Ng3 Nc5 26. Rde1 h5 27. Rhf1 h4 28. Nge4 Nxe4 29. Rxe4 Raf8 30. Rxf4 Rxf4 31. Rxf3 Rg4 32. Bc4 Rg2 33. h3 Bh6 34. Bxa6 Bxd2+ 35. Kd1 Bf4 36. Bd3 Kg7 37. Be4 Rd2+ 38. Ke1 Rd4 39. Bd3 Rxd5 40. c4 bxc3 41. bxc3 Rc5 42. Bc2 Bg3+ 43. Ke2 d5 44. Bb3 e4 45. Rf1 Be5 46. Rd1 Rxc3 47. Bxd5 Rxh3 48. Bxe4 Rg3 49. Rd7+ Kf6 50. Rh7 h3 51. Kf2 h2 52. Bd5 Rg1 53. Rh3 g5 54. Rh6+ Kg7 55. Rh5 Bg3+ 56. Ke2 Bh4 0-1

[Event "Goch op 26th"]
[Site "Goch"]
[Date "2015.09.04"]
[Round "2"]
[White "Westermann, Johannes"]
[Black "Gugenberger, Uwe"]
[Result "1-0"]
[WhiteElo "2154"]
[BlackElo "1942"]
[PlyCount "81"]
[EventDate "2015.09.03"]
[EventType "swiss"]
[EventRounds "7"]
[EventCountry "GER"]
[SourceTitle "EXT 2018"]
[Source "ChessBase"]
[SourceDate "2017.10.13"]
[SourceVersion "1"]
[SourceVersionDate "2017.10.13"]
[SourceQuality "1"]

1. e4 d6 2. d4 Nf6 3. Nc3 g6 4. f4 Bg7 5. Nf3 c5 6. d5 Bg4 7. Be2 Na6 8. h3 Bxf3 9. Bxf3 Nd7 10. 0-0 Nc7 11. a4 a6 12. Qd3 0-0 13. Be3 Rb8 14. a5 Nb5 15. Nxb5 axb5 16. Qxb5 b6 17. a6 Ra8 18. Ra3 Ra7 19. Rb3 Qc7 20. Ra1 Rb8 21. Be2 Qd8 22. Qa4 Qc7 23. Bb5 Nf6 24. Qc4 Kh8 25. Ra4 Kg8 26. Bc6 Kf8 27. Rb5 Nd7 28. Qb3 Ke8 29. Qd3 Kd8 30. Ra3 Nf8 31. b4 Nd7 32. c3 Bf6 33. Qb1 e5 34. Bxd7 Kxd7 35. fxe5 Bxe5 36. bxc5 dxc5 37. Bxc5 Bh2+ 38. Kh1 Re8 39. Bxb6 Qc4 40. Bxa7 Bg3 41. Rb7+ 1-0

[Event "Karl Mala Memorial op-A 16th"]
[Site "Frankfurt"]
[Date "2013.07.12"]
[Round "2"]
[White "Gugenberger, Uwe"]
[Black "Uwira, Oliver"]
[Result "0-1"]
[WhiteElo "1993"]
[BlackElo "2249"]
[PlyCount "84"]
[EventDate "2013.07.11"]
[EventType "swiss"]
[EventRounds "7"]
[EventCountry "GER"]
[SourceTitle "EXT 2014"]
[Source "ChessBase"]
[SourceDate "2013.11.20"]
[SourceVersion "1"]
[SourceVersionDate "2013.11.20"]
[SourceQuality "1"]

1. d4 Nf6 2. Nf3 c5 3. e3 b6 4. Bd3 Bb7 5. 0-0 g6 6. c3 Bg7 7. Nbd2 0-0 8. Re1 d5 9. b3 Nbd7 10. Bb2 Ne4 11. Nf1 Ndf6 12. Ne5 Rc8 13. f3 Nd6 14. Qe2 Nd7 15. Nxd7 Qxd7 16. e4 dxe4 17. fxe4 e5 18. d5 c4 19. bxc4 Qa4 20. Nd2 Ba6 21. c5 Bxd3 22. Qxd3 Rxc5 23. c4 Nxc4 24. Nxc4 Rxc4 25. Rac1 Rfc8 26. Rxc4 Qxc4 27. Qg3 Qb4 28. Ba3 Qd4+ 29. Qe3 Qxe3+ 30. Rxe3 Bf8 31. Bxf8 Kxf8 32. Re2 Ke7 33. Kf2 Kd6 34. g4 f5 35. gxf5 gxf5 36. exf5 Rf8 37. Ke3 Rxf5 38. Rc2 Rh5 39. Rd2 Rh4 40. Kf3 Rd4 41. Rxd4 exd4 42. Ke4 d3 0-1